[Event "Hamburg St Pauli op-B"]
[Site "Hamburg"]
[Date "2014.07.25"]
[Round "7"]
[White "Bahr, Peter"]
[Black "Quass, Michael"]
[Result "0-1"]
[WhiteElo "1864"]
[BlackElo "1765"]
[PlyCount "80"]
[EventDate "2014.07.19"]
[EventType "swiss"]
[EventRounds "9"]
[EventCountry "GER"]
[SourceTitle "CBM 161 Extra"]
[Source "ChessBase"]
[SourceDate "2014.08.29"]
[SourceVersion "1"]
[SourceVersionDate "2014.08.29"]
[SourceQuality "1"]

1. d4 Nf6 2. Nf3 e6 3. c4 Bb4+ 4. Bd2 c5 5. Nc3 0-0 6. a3 cxd4 7. Nxd4 Be7 8. e4 b6 9. e5 Ne8 10. Qf3 Nc7 11. Bd3 Bg5 12. 0-0-0 f5 13. h4 Bxd2+ 14. Rxd2 Nba6 15. g4 Nc5 16. Bc2 Bb7 17. Qh3 Bxh1 18. Qxh1 g6 19. b4 Qe7 20. g5 a5 21. b5 Qg7 22. f4 Rad8 23. Nde2 Qf7 24. Rd6 Rb8 25. Ng3 Rfd8 26. h5 Ne8 27. hxg6 hxg6 28. Rd2 Qg7 29. Rh2 d6 30. Nd5 exd5 31. Bxf5 dxe5 32. Bxg6 Qxg6 33. Rh8+ Kf7 34. Rh7+ Ng7 35. Rh6 Qd3 36. g6+ Ke6 37. Qh3+ Kd6 38. fxe5+ Kxe5 39. Rh7 Nb3+ 40. Kb2 Qd2+ 0-1

[Event "Hamburg St Pauli op-B"]
[Site "Hamburg"]
[Date "2014.07.20"]
[Round "2"]
[White "Keyser, Robin"]
[Black "Bahr, Peter"]
[Result "1-0"]
[WhiteElo "1393"]
[BlackElo "1864"]
[PlyCount "213"]
[EventDate "2014.07.19"]
[EventType "swiss"]
[EventRounds "9"]
[EventCountry "GER"]
[SourceTitle "CBM 161 Extra"]
[Source "ChessBase"]
[SourceDate "2014.08.29"]
[SourceVersion "1"]
[SourceVersionDate "2014.08.29"]
[SourceQuality "1"]

1. d4 d5 2. c4 c6 3. Nc3 Nf6 4. Nf3 a6 5. cxd5 cxd5 6. Bf4 Nc6 7. e3 e6 8. a3 Be7 9. Bd3 b5 10. b4 Bb7 11. Rc1 Rc8 12. 0-0 Nh5 13. Bg3 Nxg3 14. hxg3 f5 15. Ne2 0-0 16. Nd2 e5 17. Nb3 e4 18. Bb1 g5 19. Nc5 Bxc5 20. dxc5 Ne5 21. Nd4 Qe8 22. Ba2 Nc4 23. Bxc4 dxc4 24. g4 Rd8 25. gxf5 Rxf5 26. Qg4 Re5 27. Rfd1 h5 28. Qe2 Rdd5 29. a4 Bc8 30. Qc2 Bd7 31. axb5 axb5 32. Ra1 h4 33. Ra5 g4 34. g3 Rh5 35. Ne2 hxg3 36. Nxg3 Rhe5 37. Rxd5 Rxd5 38. Kh2 Bc6 39. Ra2 Qe6 40. Kg1 Rd3 41. Ra1 c3 42. Ne2 Bd5 43. Nf4 Qf5 44. Nxd5 Qxd5 45. Rc1 Qc4 46. Qb1 Rd2 47. Qa1 Ra2 48. Qxc3 Qe2 49. Qe1 Qf3 50. Qf1 g3 51. Qg2 Qxg2+ 52. Kxg2 gxf2 53. c6 f1Q+ 54. Kxf1 Ra8 55. c7 Rc8 56. Kf2 Kf7 57. Kg3 Ke6 58. Kf4 Kd5 59. Rc5+ Kd6 60. Kxe4 Ke6 61. Rxb5 Rxc7 62. Rb6+ Ke7 63. b5 Rc1 64. Rc6 Rb1 65. Rc5 Kd6 66. Rd5+ Ke6 67. Rh5 Rb4+ 68. Kf3 Kd6 69. e4 Ke6 70. b6 Rb1 71. Ke2 Rb3 72. Kd2 Kd6 73. Rh6+ Ke5 74. Kc2 Rb4 75. Kc3 Rb1 76. Kc4 Kxe4 77. Kc5 Rc1+ 78. Kd6 Ra1 79. b7 Ra6+ 80. Kc7 Rxh6 81. b8Q Rh7+ 82. Kc6 Rh6+ 83. Kc5 Rh5+ 84. Kc4 Re5 85. Qb7+ Ke3 86. Qb6+ Kf4 87. Kd3 Kf5 88. Qc6 Re6 89. Qd7 Ke5 90. Qb5+ Kf4 91. Qd5 Re5 92. Qf7+ Rf5 93. Qc4+ Ke5 94. Qd4+ Ke6 95. Ke4 Rf6 96. Qd5+ Ke7 97. Ke5 Rh6 98. Qb7+ Kf8 99. Qd7 Kg8 100. Qe8+ Kg7 101. Qe7+ Kg8 102. Kf5 Rh2 103. Qe6+ Kh7 104. Qf7+ Kh8 105. Qf8+ Kh7 106. Qe7+ Kg8 107. Qd8+ 1-0

[Event "Hamburg-ch MB"]
[Site "Hamburg"]
[Date "2014.06.14"]
[Round "8"]
[White "Bahr, Peter"]
[Black "Ertelt, Alf"]
[Result "1/2-1/2"]
[WhiteElo "1864"]
[BlackElo "1742"]
[PlyCount "102"]
[EventDate "2014.06.07"]
[EventType "swiss"]
[EventRounds "9"]
[EventCountry "GER"]
[SourceTitle "CBM 161 Extra"]
[Source "ChessBase"]
[SourceDate "2014.08.29"]
[SourceVersion "1"]
[SourceVersionDate "2014.08.29"]
[SourceQuality "1"]

1. d4 Nf6 2. Nf3 g6 3. c4 Bg7 4. Nc3 d6 5. e4 0-0 6. Be2 e5 7. 0-0 Nbd7 8. Be3 a5 9. h3 Re8 10. d5 h6 11. Nh2 Kh7 12. g4 g5 13. Re1 b6 14. Nf1 Nc5 15. Bf3 Ng8 16. a3 Ne7 17. b4 Nd7 18. Ng3 Ng6 19. Rc1 Nf4 20. Kh2 Nf8 21. Rh1 N8g6 22. Qd2 Ba6 23. b5 Bc8 24. Rhd1 Nh4 25. Bh1 Bd7 26. Nf5 Bxf5 27. exf5 f6 28. f3 Rh8 29. Bf2 h5 30. Bxh4 gxh4 31. Rg1 Bh6 32. Qc2 Bg5 33. Rce1 Qf8 34. Ne4 Qh6 35. gxh5 Rhg8 36. Rg4 Nxh5 37. Bg2 Bf4+ 38. Kg1 Rxg4 39. fxg4 Ng3 40. Qf2 Rg8 41. Qf3 Rg7 42. Bf1 Kg8 43. Bg2 Kf7 44. Qf2 Qh7 45. Qf3 Qh6 46. Qf2 Nxe4 47. Rxe4 Bg3 48. Qf1 Qd2 49. Re2 Qd4+ 50. Kh1 Qxc4 51. Re3 Qd4 1/2-1/2

[Event "Hamburg-ch MB"]
[Site "Hamburg"]
[Date "2014.06.13"]
[Round "7"]
[White "Amini, Mahmood"]
[Black "Bahr, Peter"]
[Result "0-1"]
[WhiteElo "1764"]
[BlackElo "1864"]
[PlyCount "88"]
[EventDate "2014.06.07"]
[EventType "swiss"]
[EventRounds "9"]
[EventCountry "GER"]
[SourceTitle "CBM 161 Extra"]
[Source "ChessBase"]
[SourceDate "2014.08.29"]
[SourceVersion "1"]
[SourceVersionDate "2014.08.29"]
[SourceQuality "1"]

1. e4 c5 2. Nf3 d6 3. d4 cxd4 4. Qxd4 Nc6 5. Bb5 Bd7 6. Bxc6 Bxc6 7. Nc3 e5 8. Qd3 Nf6 9. Be3 Be7 10. Nd5 Nxd5 11. exd5 Qa5+ 12. c3 Qxd5 13. Qxd5 Bxd5 14. Ke2 h6 15. b3 f5 16. c4 Bc6 17. Rhd1 f4 18. Bd2 g5 19. Ne1 Kf7 20. Bb4 Ke6 21. Rd2 Rhd8 22. Rad1 a5 23. Ba3 b5 24. f3 b4 25. Bb2 a4 26. Nd3 Rab8 27. Ba1 Rd7 28. Bb2 a3 29. Ba1 Rbb7 30. Rc2 e4 31. fxe4 Bxe4 32. Kf2 Kf5 33. Re2 d5 34. cxd5 Rxd5 35. Red2 Rbd7 36. Ke2 Bxg2 37. Bg7 h5 38. Nf2 Rxd2+ 39. Rxd2 Rxd2+ 40. Kxd2 g4 41. Ke2 Be4 42. Bd4 Bb1 43. Nd3 Ke4 44. Bc5 Bxd3+ 0-1

[Event "Hamburg-ch MB"]
[Site "Hamburg"]
[Date "2014.06.10"]
[Round "4"]
[White "Bahr, Peter"]
[Black "Cassens, Erhard Otto"]
[Result "1-0"]
[WhiteElo "1864"]
[BlackElo "1850"]
[PlyCount "105"]
[EventDate "2014.06.07"]
[EventType "swiss"]
[EventRounds "9"]
[EventCountry "GER"]
[SourceTitle "CBM 161 Extra"]
[Source "ChessBase"]
[SourceDate "2014.08.29"]
[SourceVersion "1"]
[SourceVersionDate "2014.08.29"]
[SourceQuality "1"]

1. d4 e6 2. c4 f5 3. Nc3 Nf6 4. g3 c6 5. Bg2 d5 6. Nf3 Bd6 7. 0-0 0-0 8. b3 Bd7 9. e3 Be8 10. Bb2 Nbd7 11. Ne2 Bh5 12. Nf4 Bxf4 13. exf4 Ne4 14. Qc2 Bxf3 15. Bxf3 g5 16. fxg5 Nxg5 17. Bg2 Rf6 18. Bc1 Rg6 19. Bf4 b5 20. Rae1 Nf7 21. Re2 bxc4 22. bxc4 Nb6 23. c5 Nc4 24. Rfe1 Qd7 25. Bf3 Na3 26. Qd3 Nb5 27. Bh5 Rf6 28. a4 Nc7 29. Bxc7 Qxc7 30. Rxe6 Rxe6 31. Rxe6 Ng5 32. Re5 Rf8 33. Kg2 Ne4 34. Qe2 Qg7 35. Qe1 Qh6 36. Bd1 f4 37. f3 fxg3 38. hxg3 Ng5 39. Qh1 Qf6 40. Qh5 Nf7 41. Bc2 Qg7 42. Re7 h6 43. Bg6 Qf6 44. Bxf7+ Rxf7 45. Rxf7 Qxf7 46. Qxf7+ Kxf7 47. g4 Kg6 48. Kg3 h5 49. f4 hxg4 50. Kxg4 Kf6 51. f5 Kg7 52. Kg5 Kf7 53. f6 1-0

[Event "Hamburg St Pauli op-B"]
[Site "Hamburg"]
[Date "2013.07.09"]
[Round "4"]
[White "Bahr, Peter"]
[Black "Pajeken, Jakob Leon"]
[Result "1-0"]
[WhiteElo "1870"]
[BlackElo "1696"]
[PlyCount "53"]
[EventDate "2013.07.06"]
[EventType "swiss"]
[EventRounds "9"]
[EventCountry "GER"]
[SourceTitle "EXT 2014"]
[Source "ChessBase"]
[SourceDate "2013.11.20"]
[SourceVersion "1"]
[SourceVersionDate "2013.11.20"]
[SourceQuality "1"]

1. d4 Nf6 2. Nf3 c5 3. e3 g6 4. c4 Bg7 5. d5 b5 6. cxb5 a6 7. Nc3 d6 8. e4 0-0 9. Bd2 Nbd7 10. h3 Qc7 11. a4 Nb6 12. a5 Nbd7 13. b6 Qb7 14. Bc4 Re8 15. 0-0 Nf8 16. Bf4 Bd7 17. Re1 Rec8 18. e5 dxe5 19. Bxe5 e6 20. Qd2 exd5 21. Bxf6 dxc4 22. Bxg7 Kxg7 23. Re7 Rd8 24. Qf4 Qc8 25. Qxf7+ Kh6 26. Qg7+ Kh5 27. Nd5 1-0

[Event "GER-chT9 KI-34 Br03 email"]
[Site "GER email"]
[Date "2011.10.17"]
[Round "?"]
[White "Wichert, Gerd"]
[Black "Bahr, Peter"]
[Result "1-0"]
[WhiteElo "2057"]
[BlackElo "1648"]
[PlyCount "55"]
[EventDate "2011.10.23"]
[EventType "tourn (corr)"]
[EventRounds "4"]
[EventCountry "GER"]
[SourceTitle "Corr 2015"]
[Source "ChessBase"]
[SourceDate "2015.07.17"]
[SourceVersion "1"]
[SourceVersionDate "2015.07.17"]
[SourceQuality "1"]

1. d4 Nf6 2. c4 g6 3. Nc3 d6 4. e4 Bg7 5. Nf3 0-0 6. Be2 e5 7. 0-0 Nc6 8. d5 Ne7 9. Ne1 c5 10. f4 Nd7 11. f5 Nf6 12. g4 Ne8 13. Nd3 Bd7 14. Be3 a6 15. a4 a5 16. Qd2 Nc8 17. b3 Ne7 18. Rf2 Qb6 19. Raf1 f6 20. h4 gxf5 21. gxf5 Kh8 22. Bd1 Rg8 23. Kh2 Bf8 24. Rg2 Rxg2+ 25. Qxg2 Nc7 26. Rg1 Be8 27. Bg5 Bg7 28. h5 1-0

[Event "Hamburg-ch MB"]
[Site "Hamburg"]
[Date "2011.10.01"]
[Round "2.4"]
[White "Bahr, Peter"]
[Black "Krueger, David"]
[Result "0-1"]
[WhiteElo "1909"]
[BlackElo "1750"]
[PlyCount "142"]
[EventDate "2011.10.09"]
[EventType "swiss"]
[EventRounds "9"]
[EventCountry "GER"]
[SourceTitle "EXT 2012"]
[Source "ChessBase"]
[SourceDate "2011.11.24"]
[SourceVersion "1"]
[SourceVersionDate "2011.11.24"]
[SourceQuality "1"]

1. b3 d5 2. Bb2 c5 3. e3 Nc6 4. Nf3 Bg4 5. Be2 Nf6 6. d4 e6 7. Nbd2 cxd4 8. Nxd4 Nxd4 9. Bxd4 Bxe2 10. Qxe2 Rc8 11. Qb5+ Qd7 12. Qxd7+ Nxd7 13. c4 dxc4 14. Nxc4 b5 15. Ne5 Nxe5 16. Bxe5 Rc2 17. 0-0 f6 18. Bd4 Ba3 19. f4 0-0 20. Rf2 Rfc8 21. Raf1 a5 22. g4 Bc1 23. Kg2 Bd2 24. Rd1 Bb4 25. Rdf1 f5 26. h3 Kf7 27. Kf3 g6 28. Kg2 h6 29. Kf3 Be7 30. Rxc2 Rxc2 31. Rf2 Rc1 32. Kg2 Bb4 33. Bb2 Re1 34. Bd4 Rc1 35. Bb2 Rc6 36. Re2 a4 37. bxa4 bxa4 38. Be5 a3 39. e4 fxg4 40. hxg4 g5 41. fxg5 hxg5 42. Rf2+ Ke8 43. Bf6 Be7 44. Bg7 Rc4 45. Kf3 Kf7 46. Be5 Bc5 47. Rd2 Ke7 48. Rh2 Kf7 49. Rd2 Rc1 50. Rd7+ Ke8 51. Rc7 Rf1+ 52. Ke2 Rf2+ 53. Kd3 Be7 54. Rc2 Rf1 55. Rg2 Rd1+ 56. Kc2 Re1 57. Kd3 Kd7 58. Bc3 Rf1 59. Kc2 Rf4 60. Kd3 Rf3+ 61. Kc2 Re3 62. e5 Kc6 63. Kb3 Kb5 64. Kc2 Kc4 65. Ba1 Bb4 66. Rg1 Re2+ 67. Kb1 Bd2 68. Rd1 Kd3 69. Rf1 Re4 70. Rf3+ Be3 71. Rf4 Rxf4 0-1